El jinete pálido. 1918: La epidemia que cambió el mundo.
Uloženo v:
| Hlavní autor: | |
|---|---|
| Další autoři: | |
| Médium: | Neznámo |
| Jazyk: | angličtina |
| Vydáno: |
Barcelona, España.
Crítica,
2018
|
| Vydání: | Primera edición |
| Témata: | |
| Tagy: |
Přidat tag
Žádné tagy, Buďte první, kdo vytvoří štítek k tomuto záznamu!
|
MARC
| LEADER | 00000 a2200000 4500 | ||
|---|---|---|---|
| 003 | CL-VaPUC | ||
| 005 | 20211005160008.0 | ||
| 008 | 210920b2018 ||||| |||| 00| 0 eng d | ||
| 999 | |c 433581 |d 433579 | ||
| 020 | |a 978-84-17067-66-3 | ||
| 040 | |c Pontificia Universidad Católica de Valparaíso | ||
| 082 | |a 614.518 SPI 2018 | ||
| 100 | 1 | |a Spinney, Laura |9 863030 | |
| 245 | 1 | 3 | |a El jinete pálido. 1918: |b La epidemia que cambió el mundo. |
| 250 | |a Primera edición | ||
| 260 | |a Barcelona, España. |b Crítica, |c 2018 | ||
| 300 | |a 348 páginas | ||
| 583 | |k Cristina María Rojas Aguilar |c 20210920 | ||
| 650 | 0 | |a Gripe española |9 546402 |v Influenza |y 1918 |x Historia | |
| 700 | |a Fontal, Yolanda |e traductora |9 863041 | ||
| 942 | |2 ddc |c BK | ||
| 952 | |0 0 |1 0 |2 ddc |4 0 |6 614_518000000000000_SPI_2018 |7 0 |8 A |9 578844 |a BIBHIS |b BIBHIS |d 2021-09-20 |e 146 |g 20650.00 |i 5588588 |o 614.518 SPI 2018 |p 5588588 |r 2025-01-20 |t 1 |v 20650.00 |w 2021-09-20 |y BK |k HIS | ||